000 00526nam a2200157 i 4500
001 77120
003 ES-MaACL
005 20230906173105.0
007 t|
008 041006s1917 mx ||||1| spa d
100 1 _aGuzmán Aguilera, Antonio.
_961304
245 1 4 _aLos motivos del águila
_b: cantos a la raza y a los héroes /
_cAntonio Guzmán Aguilera.
260 _aMéxico :
_bDepartamento Editorial de la Dirección General de Educación Pública,
_c1917.
300 _a160 p. ;
_c20 cm.
852 _aES-MaACL
_j1528-F-19
999 _c77120
_d77120